|
|
|
|
| LEADER |
00000cam a2200000 a 4500 |
| 001 |
vtls008398991 |
| 003 |
SK-MaSNL |
| 005 |
20260425232339.0 |
| 008 |
200228s1938 xo a f 000 0 lat |
| 015 |
|
|
|a SNBA19191938-007288
|
| 020 |
|
|
|q (brožované)
|
| 035 |
|
|
|a SK01SNKBIKKM20020091208
|
| 035 |
|
|
|a urn:nbn:sk:snk-am3hze3
|
| 035 |
|
|
|a D3E7CD31-F7DD-47CB-9144-A58B781D5A0E
|
| 035 |
|
|
|a urn:nbn:sk:snk-am00deek
|
| 035 |
|
|
|a SKM000093671
|
| 040 |
|
|
|a SNK
|b slo
|c SNK
|e AACR2
|
| 041 |
0 |
|
|a lat
|
| 043 |
|
|
|a e-xo---
|
| 044 |
|
|
|a xo
|c SK
|
| 072 |
|
7 |
|a 27-78
|x Kresťanské združenia, spolky a organizácie. Rehoľné rády
|2 konspekt
|
| 080 |
|
|
|a 26/28
|2 1981
|
| 080 |
|
|
|a 27-788
|2 2011
|
| 080 |
|
|
|a (437.6)
|2 2011
|
| 080 |
|
|
|a (041)
|2 2011
|
| 245 |
0 |
0 |
|a Statuta provinciae SS. salvatoris in Slovakia
|
| 260 |
|
|
|a Bratislavae
|b [s.n.]
|c 1938
|
| 300 |
|
|
|a 19 strán
|b ilustrácie
|c 23 cm
|
| 500 |
|
|
|a V brožúre neuvedený názov vydavateľa
|
| 650 |
0 |
7 |
|a rehoľné spoločenstvá
|2 SNKPH
|9 69976
|
| 651 |
|
7 |
|a Slovensko
|2 SNKPHgeo
|9 14231
|
| 655 |
|
7 |
|a štatúty
|2 SNKPH
|9 63377
|
| 655 |
|
7 |
|a brožúry
|2 SNKPH
|9 70146
|
| 958 |
|
|
|a RK
|
| 958 |
|
|
|a TL
|
| 958 |
|
|
|a NT
|
| 958 |
|
|
|a SP
|
| 958 |
|
|
|a ONDV
|
| 999 |
|
|
|c 736813
|d 738743
|
| 952 |
|
|
|a SNK
|b SNK
|y PREZ
|7 0
|p 17A0819530
|o snkSC 10179
|i snkKSF 3328/57
|8 5
|0 0
|1 0
|4 0
|d 2019-10-10
|f 1
|l 0
|r 2025-07-09 00:00:00
|w 2026-02-23
|